Vyprávěnky stařečka Rašnera z Bílé Lhoty /

Hlavní autor: Navara, František, 1912-1989
Další autoři: Kožina, Ladislav, 1941-1997
Jazyk: Čeština
Vydáno: Pelhřimov : Stanovum, 1996
Vydání: Vyd. 1.
Témata:
Fyzický popis: 105 s., [8] s. il. na příl. : il. ; 21 cm
Knihy
Uloženo v:
LEADER 00916nam a2200241 a 4500
001 000118718
003 CZ BrMZK
005 20080708100719.0
008 970107s1996 xr f cze d
040 |a BOA001  |b cze 
080 |a 885.0-93-34  |2 MRF 
080 |a 908.437.268:885.0-93-34  |2 MRF 
100 1 |a Navara, František,  |d 1912-1989  |7 jk01082728  |4 aut 
245 1 0 |a Vyprávěnky stařečka Rašnera z Bílé Lhoty /  |c František Navara ; [ilustroval Ladislav Kožina] 
250 |a Vyd. 1. 
260 |a Pelhřimov :  |b Stanovum,  |c 1996 
300 |a 105 s., [8] s. il. na příl. :  |b il. ;  |c 21 cm 
653 0 |a Bílá Lhota (Česko)  |a Olomouc-okres (Česko) 
700 1 |a Kožina, Ladislav,  |d 1941-1997  |7 xx0063927  |4 ill 
910 |a BOA001  |b PK-0126.559 
964 |a Bílá Lhota  |x vyprávění pro děti 
990 |a BK 
996 7 |b 3119006106  |c PK-0126.559  |l MZK  |r Sklad / do 1 hodiny  |n 7  |p kup  |w 000118718  |u 000010  |a 1  |e BOA001  |j MZK50  |s A